Interné smernice firmy v roku 2024 praktický návod a editovateľné vzory pre nastavenie vnútornej kontroly

Na minha lista:
Detalhes bibliográficos
Autor principal: Mateášová, Martina, 1979-
Outros Autores: Meluchová, Jitka, 1965-
Formato: Livro
Idioma:eslovaco
Publicado em: Bratislava Nakladatelství FORUM 2023
Edição:1. vydanie
Assuntos:
Tags: Adicionar Tag
Sem tags, seja o primeiro a adicionar uma tag!

MARC

LEADER 00000nam a2200000 4500
001 0298087
005 20240502074520.7
020 |a 978-80-89852-11-6 
041 0 |a slo 
044 |a SK 
245 1 0 |a Interné smernice firmy v roku 2024  |b praktický návod a editovateľné vzory pre nastavenie vnútornej kontroly  |c Martina Mateášová, Jitka Meluchová 
250 |a 1. vydanie 
264 1 |a Bratislava  |b Nakladatelství FORUM  |c 2023 
300 |a [306 s., 15,30 AH]  |e online zložka 
610 2 0 |a audit interný 
610 2 0 |a kontrola vnútorná 
610 2 0 |a smernice organizačné 
610 2 0 |a predpisy organizačné 
610 2 0 |a legislatíva 
610 2 0 |a riadenie rizík 
610 2 0 |a dokumentácia 
610 2 0 |a dokumentácia účtovná 
610 2 0 |a osnova účtová 
100 1 |a Mateášová, Martina, 1979- 
700 1 |a Meluchová, Jitka, 1965-